Statistics for Matchup - Countries in English and French

Click here to take the quiz!

General Stats

  • This quiz has been taken 50 times
  • The average score is 19 of 20

Answer Stats

French Country % Correct
CambodiaCambodgeCambodia
98%
SyriaSyrieSyria
98%
BrazilBrésilBrazil
98%
ThailandThaïlandeThailand
98%
PalauPalaosPalau
98%
UgandaOugandaUganda
98%
SpainEspagneSpain
98%
UzbekistanOuzbékistanUzbekistan
98%
PeruPérou Peru
98%
SudanSoudanSudan
98%
PolandPolognePoland
96%
LatviaLettonie Latvia
96%
GermanyAllemagneGermany
96%
AustriaAutriche Austria
96%
EritreaÉrythréeEritrea
96%
KyrgyzstanKirghizistanKyrgyzstan
96%
SwedenSuède Sweden
96%
CyprusChypreCyprus
93%
MyanmarBirmanieMyanmar
91%
NetherlandsPays-Bas Netherlands
91%

Score Distribution

Percentile by Number Answered

Percent of People with Each Score

Your Score History

You have not taken this quiz